00554nam a2200157 a 450000500170000000800410001704000270005804100080008508200170009324501000011026000600021030000320027065000350030265000260033765000330036320191224041822.0160121s1994 ke fr|||| 000 0 eng d aCO-BoIAVH cCO-BoIAVH 0 aspa04a333.95bN12g00aGuidelines for country studies on biological diversity /cUnited Nations Environment Programme aNairobi :bUnited Nations Environment programme,c1994? a75 páginas ;c30 x 21 cm. 6aDiversidad biológicavManual 6aServicios ambientales 6aÁreas Naturales Protegidas